Statistics for Busiest routes from Exeter Airport

Click here to take the quiz!

General Stats

  • This quiz has been taken 58 times
  • The average score is 13 of 25

Answer Stats

HintAnswer% Correct
EnglandLondon
93%
ScotlandEdinburgh
89%
ScotlandGlasgow
89%
FranceParis| Charles De Gaulle|CDG
89%
NetherlandsAmsterdam
87%
Northern IrelandBelfast
85%
EnglandManchester
85%
IrelandDublin
83%
EnglandNewcastle
67%
SpainMalaga
52%
PortugalFaro
50%
J.Jersey
48%
SpainTenerife
48%
G.Guernsey
43%
SpainAlicante
41%
SpainPalma
41%
CyprusLarnaca|Larcana
35%
CyprusPaphos
33%
SpainLanzarote
30%
SpainGran Canaria
28%
GreeceCorfu
26%
EnglandNorwich
26%
SpainMenorca
17%
TurkeyDalaman
15%
EnglandIsles of Scilly
11%

Score Distribution

Percentile by Number Answered

Percent of People with Each Score

Your Score History

You have not taken this quiz